000 00793nam a2200241Ia 4500
003 OSt
005 20260305145516.0
008 210716s1981 xx 000 0 und d
020 _a9788171946594
040 _cAIMT LIBRARY
041 _aeng
082 _a336.294
_bSINV
100 _aSinghania, Vinod K.
_9257837
245 _aTaxmanns direct taxes:
_blaw and practice /
_cBy Vinod K. Singhania and Kapil Singhania.
250 _a1st ed.
260 _aNew Delhi :
_bTaxmann Publications Pvt Ltd ,
_c1981.
300 _aI-27,555,7.16-2
_bPB
_c24 cm.
440 _aAssessment year 2010-11
_9257838
650 _aResidential status and tax incidence
_9257839
650 _aProfits and gains of business
_9257840
700 _aSinghania, Kapil.
_9257841
942 _2ddc
_cBK
_k336.294 SINV
999 _c204889
_d204889